| 000 | 00576nam a2200193 i 4500 | ||
|---|---|---|---|
| 001 | 184824 | ||
| 003 | ES-MaACL | ||
| 005 | 20240128062950.0 | ||
| 008 | 160202s1975 sp |||| | spa d | ||
| 080 | _a821.133.1-31"18" | ||
| 100 | 1 |
_aFlaubert, Gustave, _d1821-1880 _951134 |
|
| 245 | 1 | 0 |
_aMadame Bovary / _cGustave Flaubert ; [traducción Julio C. Acerete]. |
| 250 | _a[3ª ed.]. | ||
| 260 |
_aBarcelona : _bBruguera, _c[1975] |
||
| 300 |
_a446 p. ; _c18 cm. |
||
| 700 | 1 |
_aAcerete, Julio C., _918222 |
|
| 852 |
_aES-MaACL _jE-8704 |
||
| 999 |
_c184824 _d184824 |
||